Kótás projekció

Elmentve itt :
Bibliográfiai részletek
Szerző: Török Katalin
További közreműködők: Miskolczi József (Témavezető)
Dokumentumtípus: Szakdolgozat
Megjelent: 2000
Tárgyszavak:
Online Access:http://diploma.bibl.u-szeged.hu/123736
LEADER 00580nta a2200181 i 4500
001 dipl123736
005 20220304173033.0
008 220304s2000 hu om 0|| hun d
040 |a SZTE Diploma Repozitórium  |b hun 
041 |a hun 
100 1 |a Török Katalin 
245 1 0 |a Kótás projekció  |h [elektronikus dokumentum] /  |c Katalin Török 
260 |c 2000 
650 4 |a Pedagógusképzés 
650 4 |a Natural sciences 
650 4 |a Mathematics 
700 1 |a Miskolczi József  |e ths 
856 4 0 |u http://diploma.bibl.u-szeged.hu/id/eprint/123736/1/2000_torok_katalin.pdf  |z Dokumentum-elérés